Zum Entfaltungsprozess der ECU als multinationales Kreditgeld im Zusammengang mit der geldtheoretischen Bedeutung der Weltgeldfunktion im Kapitalismus.

Úloha svetových peňazí je historicko-logickým vyjadrením univerzálnej vývojovej tendencie výroby tovarov v podobe peňazí. ECU ako systém koordinovanej regulácie medzištátnych peňažných vzťahov a multinacionálne úverové peniaze, ktorých cena je založená na menových kurzoch a odráža pohyb kapitálu.

Guardado en:
Detalles Bibliográficos
Autor principal: Mondelaers, R.
Formato: Capítulo de libro
Lenguaje:alemán
Materias:
Etiquetas: Agregar Etiqueta
Sin Etiquetas, Sea el primero en etiquetar este registro!

MARC

LEADER 00000naa a2200000 4500
001 r002886
005 20220819194921.1
041 0 |a ger 
044 |a DE 
245 1 0 |a Zum Entfaltungsprozess der ECU als multinationales Kreditgeld im Zusammengang mit der geldtheoretischen Bedeutung der Weltgeldfunktion im Kapitalismus.  |c R. Mondelaers 
520 |a Úloha svetových peňazí je historicko-logickým vyjadrením univerzálnej vývojovej tendencie výroby tovarov v podobe peňazí. ECU ako systém koordinovanej regulácie medzištátnych peňažných vzťahov a multinacionálne úverové peniaze, ktorých cena je založená na menových kurzoch a odráža pohyb kapitálu. 
610 2 0 |a peniaze 
610 2 0 |a ECU 
610 2 0 |a úver 
610 2 0 |a krajiny kapitalistické 
610 2 0 |a kurz menový 
610 2 0 |a pohyb kapitálu 
100 1 |a Mondelaers, R.